000 00578cam a22002171a 4500
001 f 01000350
003 DLC
005 20260227111237.0
008 810918s1891 fr 000 1 fre
010 _af 01000350
035 _a(OCoLC)7770225
040 _aDLC
_cNcWsW
_dNcWsW
_dDLC
042 _apremarc
050 0 0 _aPQ2315
_b.H4 1891
100 1 _aKarr, Alphonse,
_d1808-1890.
245 1 0 _aHélène /
_cpar Alphonse Karr.
250 _a5e éd.
260 _aParis :
_bCalmann Lévy,
_c1891.
300 _a356 p. ;
_c19 cm.
500 _aHalf-title : Œuvres complètes.
999 _c22408
_d22408